000 00548nam a22001937a 4500
003 OSt
005 20260423063945.0
008 260423b |||||||| |||| 00| 0 eng d
020 _a1-4190-0373-9
040 _aDWC-Main lib.
_cOC
082 _aCirc. 516 H257 2006
110 _aHARCOURT ACHIEVE
245 _aGeometry/
_cHARCOURT ACHIEVE
260 _aAustin, Texas :
_bHarcourt Achieve,
_cc2006.
300 _aiii, 78 p. :
_billustrations ;
_c28 cm.
490 _aTop Line Math
650 _a1. Geometry.
942 _2ddc
_cBK-CIRC
_hCirc.
_n0
999 _c9801
_d9801